Evaluación de proyectos sociales

Guardat en:
Dades bibliogràfiques
Autors principals: Cohen, Ernesto (Autor), Franco, Rolando (Autor)
Format: Llibre
Idioma:espanyol
Publicat: Ciudad de México Siglo Veintiuno 1997
Edició:4a. ed
Col·lecció:Colección Sociología y Política
Matèries:
Etiquetes: Afegir etiqueta
Sense etiquetes, Sigues el primer a etiquetar aquest registre!

MARC

LEADER 00000cam a2200000 a 4500
001 UCP4844
003 CL-VaPUC
008 990821e19970000MX |||||||||||||||||spa|d
020 |a 9682317681 
082 0 4 |a 361.61  |b COH  |2 21 
100 0 |a Cohen, Ernesto  |e author  |9 432765 
700 0 |a Franco, Rolando  |e author  |9 432766 
245 1 0 |a Evaluación de proyectos sociales 
250 |a 4a. ed 
300 |a 318 p 
942 |c BK 
945 |d 19990821 00:00:00  |a rbrito 
260 |a Ciudad de México  |b Siglo Veintiuno  |c 1997 
650 0 |a Política social  |9 257588 
650 0 |a Investigación social   |9 307814 
650 7 |a EVALUACION DE PROYECTO  |2 CL-VaPUC  |9 432767 
583 |a last modification  |c 20140701 12:20:31  |k Rodrigo Vera 
490 0 |a Colección Sociología y Política 
999 |c 282740  |d 282738 
952 |0 0  |1 0  |4 0  |6 361_610000000000000_COH_1997  |7 0  |8 A  |9 325079  |a BIBGIM  |b BIBGIM  |d 2019-11-20  |i 3552705  |l 2  |m 6  |o 361.61 COH 1997  |p 3552705  |r 2025-01-15  |s 2023-10-23  |w 2019-11-20  |y BK  |k GIM 
952 |0 0  |1 0  |3 erb  |4 0  |6 361_610000000000000_COH_1997  |7 0  |8 A  |9 325080  |a BIBING  |b BIBING  |i 5069181  |o 361.61 COH 1997  |p 5069181  |r 2025-01-20  |w 2019-11-20  |y BK  |k GEO